Chinese Compound Words - Statistics

General Stats
  • This quiz has been taken 11,126 times
  • The average score is 14 of 21
Answer Stats
Chinese Direct translation Word % Correct
王子 King + son Prince
96%
飞机 Fly + machine Airplane
95%
斑马 Striped + horse Zebra
92%
长颈鹿 Long + neck + deer Giraffe
90%
吸血鬼 Suck + blood + ghost Vampire
84%
铅笔 Lead + pen Pencil
83%
屋顶 House + top Roof
83%
鼻孔 Nose + hole Nostril
79%
狂犬病 Crazy + dog + disease Rabies
75%
变色龙 Color + change + dragon Chameleon
73%
烤箱 Bake + box Oven
72%
电脑 Electricity + brain Computer
63%
餐厅 Meal + hall Restaurant
60%
电视 Electricity + see Television
59%
电话 Electricity + talk Telephone
55%
铁路 Iron + road Railroad
53%
松鼠 Pine tree + mouse Squirrel
51%
出租车 Out + rent + car Taxi
50%
龙虾 Dragon + shrimp Lobster
46%
企鹅 Business + goose Penguin
28%
危机 Danger + opportunity Crisis
10%
No matching quizzes found
Score Distribution
Percent of People with Each Score
Percentile by Number Answered
Your Score History
You have not taken this quiz